[Event "AUTO-OPEN-4032"]
[Site "http://www.queenalice.com/game.php?id=1562726"]
[Date "2019.3.1"]
[Round "1"]
[White "gfalk"]
[Black "jandamian"]
[Result "0-1"]
[WhiteElo "2014"]
[BlackElo "2727"]

1. f4 d5 2. Nf3 Nf6 3. g3 g6 4. Bg2 Bg7 5. O-O O-O 6. d3 c6 7. Qe1 Nbd7 8. e4
dxe4 9. dxe4 e5 10. Qe2 exf4 11. Bxf4 Qb6+ 12. Kh1 Qxb2 13. Nbd2 Qxc2 14. a4 Nh5
15. Rfc1 Nxf4 16. gxf4 Qb2 0-1

[Event "AUTO-OPEN-4032"]
[Site "http://www.queenalice.com/game.php?id=1562753"]
[Date "2019.3.1"]
[Round "1"]
[White "gfalk"]
[Black "josekasparov"]
[Result "0-1"]
[WhiteElo "2005"]
[BlackElo "2463"]

1. f4 e5 2. fxe5 d6 3. exd6 Bxd6 4. Nf3 Nf6 5. d4 Ng4 6. Qd3 c5 7. Nc3 Nc6 8. e3
O-O 9. dxc5 Bxc5 10. Qxd8 Rxd8 11. Ke2 Nb4 12. Ne1 Bf5 13. a3 Nxc2 14. Nxc2 Bxc2
15. h3 Bd3+ 16. Kf3 Ne5+ 17. Kf2 Rd6 18. b4 Rf6+ 19. Ke1 Be7 20. Bxd3 Nxd3+ 21.
Ke2 Rd8 22. Rf1 Rc6 23. Ne4 f5 24. Nf2 Rc2+ 25. Kf3 Bf6 26. Nxd3 Bxa1 27. Nc5 b6
28. Nb3 Be5 0-1

[Event "AUTO-OPEN-4032"]
[Site "http://www.queenalice.com/game.php?id=1562754"]
[Date "2019.3.1"]
[Round "1"]
[White "josekasparov"]
[Black "gfalk"]
[Result "1-0"]
[WhiteElo "2462"]
[BlackElo "2007"]

1. d4 f5 2. c4 Nf6 3. Nc3 g6 4. Bg5 Bg7 5. Qc2 d6 6. O-O-O O-O 7. h4 Qe8 8. Bxf6
exf6 9. h5 Bh6+ 10. e3 g5 11. Bd3 Qe6 12. Nd5 Rf7 13. Ne2 c6 14. Ndc3 Na6 15. a3
Nc7 16. Ng3 f4 17. Nf5 Bf8 18. exf4 h6 19. Rhe1 Qd7 20. d5 cxd5 21. cxd5 Qd8 22.
Nd4 Re7 23. Bf5 Qe8 24. Ne4 Rxe4 25. Rxe4 Qf7 26. Bxc8 Rxc8 27. Ne6 Qh7 28. Rc4
Qd7 29. Rxc7 Rxc7 30. Qxc7 1-0

[Event "AUTO-OPEN-4032"]
[Site "http://www.queenalice.com/game.php?id=1562755"]
[Date "2019.3.1"]
[Round "1"]
[White "gfalk"]
[Black "lfcanales"]
[Result "1-0"]
[WhiteElo "2003"]
[BlackElo "2076"]

1. f4 e5 2. fxe5 Qh4+ 3. g3 Qe4 4. Nf3 Nc6 5. d4 d5 6. Nc3 Qg4 7. Nxd5 Qd7 8. e4
Nge7 9. Nxe7 Bxe7 10. d5 Nd8 11. Bg2 Bc5 12. Qd3 O-O 13. Bd2 Qa4 14. b3 Qa3 15.
Be3 Bb4+ 16. Kf2 Bc5 17. Rhf1 Bg4 18. Nd4 Bxd4 19. Bxd4 Qe7 20. Kg1 b6 21. Rf2
c5 22. Bb2 Nb7 23. Raf1 Rad8 24. Qe3 h6 25. h4 Rc8 26. Rf4 Bd7 27. Qc3 Bb5 28.
R1f2 a5 29. a4 Ba6 30. Bh3 Rb8 31. d6 Qe8 32. e6 f6 33. e7 Rf7 34. e5 g5 35. e6
gxf4 36. exf7+ Qxf7 37. Rxf4 Nxd6 38. Rg4+ Kh7 39. Qxf6 Qxf6 40. Bxf6 Ne8 41.
Rf4 Nxf6 42. Rxf6 Re8 43. Rf7+ Kg6 44. Be6 Be2 45. Kf2 Bd1 46. Ke3 Bxc2 47. Kf4
h5 48. Ke5 Bd1 49. Kd6 Bg4 50. Rf8 1-0

[Event "AUTO-OPEN-4032"]
[Site "http://www.queenalice.com/game.php?id=1562756"]
[Date "2019.3.1"]
[Round "1"]
[White "lfcanales"]
[Black "gfalk"]
[Result "0-1"]
[WhiteElo "2078"]
[BlackElo "2011"]

1. e4 c5 2. e5 Nc6 3. f4 d6 4. Nf3 Bg4 5. Bb5 Qc7 6. O-O O-O-O 7. Bxc6 Qxc6 8.
c3 dxe5 9. fxe5 e6 10. Qc2 Bf5 11. Qd1 Bd3 12. Re1 Be7 13. Na3 Nh6 14. Nc2 g5
15. Re3 Nf5 16. Re1 g4 17. Nfd4 cxd4 18. cxd4 Bxc2 19. Qxg4 Rhg8 20. Qh3 Rxd4
21. Re2 Rh4 22. Qc3 Bc5+ 23. Kf1 Rf4+ 24. Ke1 Nd4 25. Re3 Rf1+ 0-1

[Event "Challenge"]
[Site "http://www.queenalice.com/game.php?id=1576437"]
[Date "2019.7.5"]
[Round "-"]
[White "gfalk"]
[Black "christian_labat"]
[Result "0-1"]
[WhiteElo "1878"]
[BlackElo "2067"]

1. f4 e5 2. fxe5 d6 3. exd6 Bxd6 4. Nf3 g5 5. g3 h5 6. d3 f6 7. Be3 Qe7 8. Bf2
Bg4 9. Bg2 Nc6 10. Nc3 O-O-O 11. h3 Bd7 12. Qd2 h4 13. g4 Bf4 14. e3 Nh6 15.
O-O-O Bd6 16. Ne4 Bb4 17. c3 Ba5 18. Rhf1 Bb6 19. Nd4 Ne5 20. Bg1 Nhxg4 0-1

[Event "Challenge"]
[Site "http://www.queenalice.com/game.php?id=1576712"]
[Date "2019.7.8"]
[Round "-"]
[White "datmyhorsie"]
[Black "gfalk"]
[Result "0-1"]
[WhiteElo "1901"]
[BlackElo "2012"]

1. e4 c5 2. Nf3 e6 3. d4 cxd4 4. Nxd4 a6 5. Nc3 Qc7 6. Be2 b5 7. a3 Bb7 8. Qd3
Nc6 9. Be3 Ne5 10. Qd2 Nf6 11. f3 Nc4 0-1

[Event "Challenge"]
[Site "http://www.queenalice.com/game.php?id=1577059"]
[Date "2019.7.11"]
[Round "-"]
[White "josebaron"]
[Black "gfalk"]
[Result "1-0"]
[WhiteElo "2067"]
[BlackElo "2058"]

1. e4 c5 2. Bc4 e6 3. Nc3 Nc6 4. Nf3 a6 5. a4 Nf6 6. d4 cxd4 7. Nxd4 Qc7 8. Nxc6
Qxc6 9. Bd3 Bb4 10. Bd2 Bxc3 11. Bxc3 d6 12. Bxf6 gxf6 13. O-O Bd7 14. Qh5 Ke7
15. b4 Rag8 16. b5 axb5 17. axb5 Qc3 18. Qd1 e5 19. f3 Rg6 20. Rf2 Rhg8 21. Qe1
Qd4 22. Kh1 h5 23. Rd2 Qc3 24. Re2 Qc8 25. c4 Qf8 26. Qd2 Qg7 27. Rg1 h4 28. Qc1
Bh3 29. Qf1 Ke6 30. Rd2 f5 31. exf5+ Bxf5 32. Bxf5+ Kxf5 33. Qd3+ Kg5 34. Qe3+
Kh5 35. c5 h3 36. g3 dxc5 37. g4+ Kh4 38. Qxc5 Qf6 39. Qf2+ Kg5 40. Rd5 Kh6 41.
Qe3+ Rg5 42. Rg3 Kg7 43. Rxh3 Kf8 44. Qc5+ Qe7 45. Rd8+ 1-0

[Event "AUTO-MASTER-2869"]
[Site "http://www.queenalice.com/game.php?id=1580423"]
[Date "2019.8.15"]
[Round "1"]
[White "jpribeiro"]
[Black "gfalk"]
[Result "1-0"]
[WhiteElo "2069"]
[BlackElo "2042"]

1. e4 c5 2. Nf3 Nc6 3. d4 cxd4 4. Nxd4 Nf6 5. Nc3 e5 6. Nb3 Bb4 7. Bg5 Bxc3+ 8.
bxc3 O-O 9. Qd2 Nxe4 10. Bxd8 Nxd2 11. Nxd2 Nxd8 12. Bc4 d5 13. Bxd5 1-0

[Event "AUTO-MASTER-2869"]
[Site "http://www.queenalice.com/game.php?id=1580424"]
[Date "2019.8.15"]
[Round "1"]
[White "gfalk"]
[Black "jpribeiro"]
[Result "0-1"]
[WhiteElo "1930"]
[BlackElo "2061"]

1. f4 e5 2. fxe5 d6 3. exd6 Bxd6 4. Nf3 g5 5. g3 g4 6. Nh4 Ne7 7. Bg2 Ng6 8.
Nxg6 hxg6 9. O-O Rxh2 10. Qe1 Rh5 11. Qf2 Rf5 0-1

[Event "AUTO-MASTER-2869"]
[Site "http://www.queenalice.com/game.php?id=1580439"]
[Date "2019.8.15"]
[Round "1"]
[White "ratorei"]
[Black "gfalk"]
[Result "1-0"]
[WhiteElo "2187"]
[BlackElo "1870"]

1. e4 c5 2. Nf3 Nc6 3. d4 cxd4 4. Nxd4 Nf6 5. Nc3 e5 6. Nb3 d6 7. Bg5 Be6 8. Be2
Be7 9. O-O O-O 10. Qd2 a6 11. f4 h6 12. Bxf6 Bxf6 13. f5 Bxb3 14. axb3 Nd4 15.
Bd3 Bg5 16. Qf2 Nc6 17. Nd5 Ne7 18. Nb6 Rb8 19. c3 Nc8 20. Nd5 Ne7 21. Nxe7+
Qxe7 22. Qb6 Rbc8 23. Rae1 1-0

[Event "AUTO-MASTER-2869"]
[Site "http://www.queenalice.com/game.php?id=1580440"]
[Date "2019.8.15"]
[Round "1"]
[White "gfalk"]
[Black "ratorei"]
[Result "0-1"]
[WhiteElo "1867"]
[BlackElo "2189"]

1. f4 b6 2. Nf3 Bb7 3. g3 Nc6 4. Bg2 Nd4 5. O-O Nf5 6. d3 e6 7. e4 Nd6 8. Be3
Nf6 9. h3 Nc8 10. Nbd2 d5 11. g4 dxe4 12. Ng5 h5 13. gxh5 Nd6 14. Ndxe4 Ndxe4
15. Bxe4 Nxe4 16. dxe4 Be7 17. Qf3 Qd6 18. Rad1 Qc6 19. e5 Qxf3 20. Nxf3 Rxh5
21. Kh2 c5 22. Rd2 Rd8 0-1

[Event "AUTO-MASTER-2869"]
[Site "http://www.queenalice.com/game.php?id=1580449"]
[Date "2019.8.15"]
[Round "1"]
[White "clovis"]
[Black "gfalk"]
[Result "1-0"]
[WhiteElo "1924"]
[BlackElo "2011"]

1. e4 c5 2. Nf3 Nc6 3. Bb5 g6 4. O-O Bg7 5. c3 Nf6 6. e5 Ng4 7. d4 Qb6 8. Bxc6
bxc6 9. h3 Nh6 10. b3 cxd4 11. cxd4 Ba6 12. Re1 O-O 13. Bg5 f6 14. Bh4 g5 15.
Bxg5 fxg5 16. Nxg5 Nf5 17. Qh5 Bh6 18. g4 Bxg5 19. Qxg5+ 1-0

[Event "AUTO-MASTER-2869"]
[Site "http://www.queenalice.com/game.php?id=1580450"]
[Date "2019.8.15"]
[Round "1"]
[White "gfalk"]
[Black "clovis"]
[Result "0-1"]
[WhiteElo "1992"]
[BlackElo "1943"]

1. f4 e5 2. fxe5 d6 3. exd6 Nc6 4. Nf3 Nf6 5. dxc7 Qxc7 6. d3 Bd6 7. Nc3 Bg4 8.
Be3 Bxf3 9. exf3 O-O 10. Qd2 Bxh2 11. O-O-O Be5 12. g4 Rfe8 13. d4 Rad8 14. Qf2
Bd6 15. Nb5 Qd7 16. Nxd6 Qxd6 17. Bd3 Qe6 18. Bg5 Qxa2 0-1